Художественная литература и история: контексты и взаимодействия (Запись № 12225959)

Подробности
000 -МАРКЕР
контрольное поле 02348nam0a2200361 4500
001 - ИДЕНТИФИКАТОР ЗАПИСИ
контрольное поле RU\NLR\BIBL_A\011547180
005 - ИДЕНТИФИКАТОР ВЕРСИИ
контрольное поле 20260408125418.0
010 ## - МЕЖДУНАРОДНЫЙ СТАНДАРТНЫЙ НОМЕР КНИГИ (ISBN)
Номер (ISBN) 9785831110685
Тираж 500
021 ## - НОМЕР ГОСУДАРСТВЕННОЙ РЕГИСТРАЦИИ
Код страны Российская Федерация
Номер 2017-86294
Номер Листа государственной регистраци 6166
035 ## - ДРУГИЕ СИСТЕМНЫЕ НОМЕРА
Идентификатор записи (RuMoRGB)009456983
035 ## - ДРУГИЕ СИСТЕМНЫЕ НОМЕРА
Идентификатор записи (NLR Aleph) 011547180
100 ## - ДАННЫЕ ОБЩЕЙ ОБРАБОТКИ
Данные общей обработки 20171205d2017 k y0rusy50 ca
101 1# - ЯЗЫК РЕСУРСА
Язык текста, звукозаписи и т.д. русский
-- английский
102 ## - СТРАНА ПУБЛИКАЦИИ ИЛИ ПРОИЗВОДСТВА
Страна публикации Российская Федерация
105 ## - ПОЛЕ КОДИРОВАННЫХ ДАННЫХ: ТЕКСТОВЫЕ МАТЕРИАЛЫ, МОНОГРАФИЧЕСКИЕ
Кодированные данные о монографическом текстовом документе ag z 000zy
200 1# - ЗАГЛАВИЕ И СВЕДЕНИЯ ОБ ОТВЕТСТВЕННОСТИ
Основное заглавие Художественная литература и история: контексты и взаимодействия
Сведения, относящиеся к заглавию материалы XI Международной научной конференции "Художественный текст и культура"
Первые сведения об ответственности Министерство образования и науки Российской Федерации, Федеральное государственное бюджетное образовательное учреждение высшего образования "Владимирский государственный университет им. Александра Григорьевича и Николая Григорьевича Столетовых"
Последующие сведения об ответственности [редкол.: С. А. Мартьянова (отв. ред.)]
210 ## - ПУБЛИКАЦИЯ, РАСПРОСТРАНЕНИЕ И ДР.
Место издания, распространения и т.д. Владимир
Имя издателя, распространителя и т. д. Транзит-ИКС
Дата издания, распространения и т.д. 2017
215 ## - ФИЗИЧЕСКАЯ ХАРАКТЕРИСТИКА
Специфическое обозначение материала и объем 178, [1] с.
Другие сведения о физической характеристике ил., портр.
Размеры 20
300 ## - ОБЩИЕ ПРИМЕЧАНИЯ
Текст примечания Часть текста на англ. яз.
320 ## - ПРИМЕЧАНИЯ О НАЛИЧИИ В ДОКУМЕНТЕ БИБЛИОГРАФИИ / УКАЗАТЕЛЯ
Текст примечания Библиогр. в конце ст. и в подстроч. примеч.
606 1# - НАИМЕНОВАНИЕ ТЕМЫ КАК ПРЕДМЕТ
Наименование темы Мировая литература и история
Формальный подзаголовок Съезды, совещания и т.п.
Системный номер авторитетной/нормативной записи 2402356
Идентификатор авторитетной/нормативной записи RU\NLR\AUTH\661431928
686 ## - ИНДЕКСЫ ДРУГИХ КЛАССИФИКАЦИЙ
Индекс Ш5(2=Р)-303я431(0)
Код системы
686 1# - ИНДЕКСЫ ДРУГИХ КЛАССИФИКАЦИЙ
Индекс Ш5(0)-303я431
702 #1 - ИМЯ ЛИЦА - ВТОРИЧНАЯ ОТВЕТСТВЕННОСТЬ
Начальный элемент ввода Мартьянова
Часть имени, кроме начального элемента ввода С. А.
Расширение инициалов личного имени Светлана Алексеевна
Код отношения Редактор
711 12 - НАИМЕНОВАНИЕ ОРГАНИЗАЦИИ - АЛЬТЕРНАТИВНАЯ ОТВЕТСТВЕННОСТЬ
Начальный элемент ввода "Художественный текст и культура", международная научная конференция
Порядковый номер временной организации и / или порядковый номер ее части 11
Место проведения временной организации Владимир
Дата проведения временной организации 2015
Системный номер авторитетной/нормативной записи 580665
Идентификатор авторитетной/нормативной записи RU\NLR\AUTH\880458870
712 02 - НАИМЕНОВАНИЕ ОРГАНИЗАЦИИ - ВТОРИЧНАЯ ОТВЕТСТВЕННОСТЬ
Код отношения Организатор конференции
Начальный элемент ввода Владимирский государственный университет им. А. Г. и Н. Г. Столетовых
Системный номер авторитетной/нормативной записи 437180
Идентификатор авторитетной/нормативной записи RU\NLR\AUTH\889970406
942 ## - ДОПОЛНИТЕЛЬНЫЕ ЭЛЕМЕНТЫ ЗАПИСИ (АБИС)
Тип экземпляра АБИС Книга
980 ## - КОЛЛЕКЦИЯ
Название коллекции НБР

Нет доступных экземпляров.